Lyrics - Panamera flow - Bushido - Statistiken

Allgemein
  • Dieses Quiz wurde 223 mal gespielt
  • Das Durchschnittsergebnis liegt bei 186 aus 318
Antwortstatistiken
Antwort % Korrekt
panamera
94%
Panamera
94%
die
93%
flow
93%
und
88%
Und
88%
schwarzer
85%
der
81%
Ich
81%
Wir
81%
dresscode
80%
bin
78%
facelift
78%
ein
77%
sind
77%
Yo
77%
yo
77%
organisation
76%
Spaceship
76%
spaceship
76%
Ey
70%
shindy
70%
wahre
68%
einzig
67%
kann
67%
Undercover
67%
undercover
67%
king
66%
dem
65%
ist
65%
Jahre
65%
mit
65%
an
64%
breitling
64%
den
64%
es
64%
tragen
64%
13
62%
in
62%
schicken
62%
hurensohn
60%
latenight
60%
mathelehrer
60%
Mein
60%
mein
60%
von
60%
black
59%
bei
58%
mitternacht
58%
polizei
57%
stagetime
57%
wie
57%
grüße
56%
nicht
56%
streifenwagen
56%
vor
56%
Schöne
55%
yeah
55%
auf
54%
cagefight
54%
bis
53%
All
52%
bitch
52%
eins
52%
gibt
52%
nichts
52%
nummer
52%
Rapper
52%
label
51%
sagt
51%
unmögliches
51%
unterschreibt
51%
sonny
50%
Sonny
50%
zwei
50%
vermögen
49%
wächst
49%
wird
49%
zur
49%
bordstein
48%
cool
48%
her
48%
kam
48%
opa
48%
pechschwarz
48%
skyline
48%
vom
48%
Ersguterjunge
47%
ersguterjunge
47%
hungerstreik
47%
hype
47%
Koffern
47%
millionär
47%
scheiß
47%
sein
47%
beifahrersitz
46%
enkel
46%
everything
46%
geschäftssinn
46%
guy
46%
nice
46%
satanist
46%
schikanen
45%
whatsapp
45%
will
45%
air
44%
Bitches
44%
ghettopöbelrap
44%
nagelneue
44%
nappaleder
44%
nike
44%
mr.
43%
per
43%
techart
43%
geh'n
42%
porsche
42%
cover
41%
instyle
41%
nacktpics
41%
Geiselnahmen
40%
kreditkarten
40%
le
40%
du
39%
goldene
39%
jeder
39%
profit
37%
Große
36%
großstadt
36%
motorhaube
36%
nachtschicht
36%
fresse
35%
luxus
35%
Niewieder
35%
pelikan
35%
piraten
35%
mediterran
34%
schlagen
34%
kopfschmerzen
33%
limousinen
33%
paracetamol
33%
wappen
33%
Cops
31%
ihr
31%
nerven
31%
Deutsche
30%
mir
30%
Verdammt
30%
Bosesound
29%
Toblerone
29%
meridien
28%
ohne
28%
hochhinaus
27%
pause
27%
oddset
26%
tunnelblick
26%
alle
25%
nur
24%
jackson
23%
modehaus
23%
popikone
23%
brandt
22%
mich
22%
sitz
22%
zidane
22%
zinedine
22%
Tyson
21%
willy
21%
jordan
20%
lass
20%
musst
20%
niederknien
20%
seid
20%
unterm
19%
verarschen
19%
Immigrant
18%
bares
17%
Schwarzgeld
17%
militär
15%
KaDeWe
14%
komparsen
14%
Multimillionär
14%
cash
13%
clique
13%
jogginhose
12%
sergeant
12%
johnny
10%
zähl'n
10%
Keine übereinstimmenden Quizze gefunden
Verteilung der Resultate
Anzahl Personen mit jedem Resultat
Perzentil nach korrekt beantworteten Fragen
Ihre Resultats-Entwicklung
Sie haben dieses Quiz noch nicht gespielt